The digital age and its discontents : (Record no. 57823)

MARC details
000 -LEADER
fixed length control field 01515cam a2200409 i 4500
003 - CONTROL NUMBER IDENTIFIER
control field PHURS
005 - DATE AND TIME OF LATEST TRANSACTION
control field 20221125083419.0
008 - FIXED-LENGTH DATA ELEMENTS--GENERAL INFORMATION
fixed length control field 200921s2020 fi ob 001 0 eng d
040 ## - CATALOGING SOURCE
Original cataloging agency JSTOR
Language of cataloging eng
Description conventions rda
-- pn
Transcribing agency JSTOR
Modifying agency OCLCF
-- OCLCQ
-- OCLCO
020 ## - INTERNATIONAL STANDARD BOOK NUMBER
International Standard Book Number 9789523690134
Qualifying information (electronic bk.)
020 ## - INTERNATIONAL STANDARD BOOK NUMBER
International Standard Book Number 9523690132
Qualifying information (electronic bk.)
050 #4 - LIBRARY OF CONGRESS CALL NUMBER
Classification number LB1028.3
245 04 - TITLE STATEMENT
Title The digital age and its discontents :
Remainder of title critical reflections in education /
Statement of responsibility, etc. edited by Matteo Stocchetti.
264 #1 - PRODUCTION, PUBLICATION, DISTRIBUTION, MANUFACTURE, AND COPYRIGHT NOTICE
Place of production, publication, distribution, manufacture [Helsinki] :
Name of producer, publisher, distributor, manufacturer HUP, Helsinki University Press,
Date of production, publication, distribution, manufacture, or copyright notice 2020.
300 ## - PHYSICAL DESCRIPTION
Extent 1 online resource
336 ## - CONTENT TYPE
Content type term text
Content type code txt
Source rdacontent
337 ## - MEDIA TYPE
Media type term computer
Media type code c
Source rdamedia
338 ## - CARRIER TYPE
Carrier type term online resource
Carrier type code cr
Source rdacarrier
504 ## - BIBLIOGRAPHY, ETC. NOTE
Bibliography, etc. note Includes bibliographical references and index.
588 0# - SOURCE OF DESCRIPTION NOTE
Source of description note PDF (JSTOR, viewed September 21, 2020).
590 ## - LOCAL NOTE (RLIN)
Local note JSTOR
Provenance (VM) [OBSOLETE] Books at JSTOR Open Access
650 #0 - SUBJECT ADDED ENTRY--TOPICAL TERM
Topical term or geographic name entry element Educational technology.
650 #0 - SUBJECT ADDED ENTRY--TOPICAL TERM
Topical term or geographic name entry element Educational change.
650 #0 - SUBJECT ADDED ENTRY--TOPICAL TERM
Topical term or geographic name entry element Technology
General subdivision Social aspects.
650 #2 - SUBJECT ADDED ENTRY--TOPICAL TERM
Topical term or geographic name entry element Educational Technology
650 #6 - SUBJECT ADDED ENTRY--TOPICAL TERM
Topical term or geographic name entry element Technologie éducative.
650 #6 - SUBJECT ADDED ENTRY--TOPICAL TERM
Topical term or geographic name entry element Enseignement
General subdivision Réforme.
650 #7 - SUBJECT ADDED ENTRY--TOPICAL TERM
Topical term or geographic name entry element EDUCATION
General subdivision Philosophy & Social Aspects.
650 #7 - SUBJECT ADDED ENTRY--TOPICAL TERM
Topical term or geographic name entry element Educational change
650 #7 - SUBJECT ADDED ENTRY--TOPICAL TERM
Topical term or geographic name entry element Educational technology
650 #7 - SUBJECT ADDED ENTRY--TOPICAL TERM
Topical term or geographic name entry element Technology
General subdivision Social aspects
655 #4 - INDEX TERM--GENRE/FORM
Genre/form data or focus term Electronic books.
700 1# - ADDED ENTRY--PERSONAL NAME
Personal name Stocchetti, Matteo,
Relator term editor.
Authority record control number or standard number http://id.loc.gov/authorities/names/nb2008023603
856 40 - ELECTRONIC LOCATION AND ACCESS
Uniform Resource Identifier <a href="https://www.jstor.org/stable/10.2307/j.ctv16c9hdw">https://www.jstor.org/stable/10.2307/j.ctv16c9hdw</a>
942 ## - ADDED ENTRY ELEMENTS (KOHA)
Source of classification or shelving scheme Library of Congress Classification
Koha item type E-Book
994 ## -
-- 92
-- PHURS
Holdings
Withdrawn status Source of classification or shelving scheme Damaged status Not for loan Home library Current library Date acquired Total Checkouts Date last seen Price effective from Koha item type
  Library of Congress Classification     JSTOR Open Access Books JSTOR Open Access Books 05/22/2022   05/22/2022 05/22/2022 E-Book

University of Rizal System
Email us at univlibservices@urs.edu.ph

Visit our Website www.urs.edu.ph/library